Cleaver and ors v Schyde Investments Ltd (Record no. 83678)

MARC details
000 -LEADER
fixed length control field 01275cab a22002055a 4500
001 - CONTROL NUMBER
control field L154584
008 - FIXED-LENGTH DATA ELEMENTS--GENERAL INFORMATION
fixed length control field 120103e2011 xxk 000 0 eng d
035 ## - SYSTEM CONTROL NUMBER
System control number (Sirsi) u154584
041 0# - LANGUAGE CODE
Language code of text/sound track or separate title eng
245 00 - TITLE STATEMENT
Title Cleaver and ors v Schyde Investments Ltd
Medium [electronic resource]
260 ## - PUBLICATION, DISTRIBUTION, ETC.
Date of publication, distribution, etc. 2011
520 ## - SUMMARY, ETC.
Summary, etc. [2011] EWCA Civ 929, 29 July 2011. Considers whether the standard limitation on terminating a contract for misrepresentation is reasonable. Respondent S agreed terms with appellant C in 2007 for the sale of a potential development site. C contended that S tried to back out of its agreement to purchase after the disclosure of a second application from another potential purchaser and because of a fall in the property market. C appealed. "Held": Appeal dismissed. S was allowed to terminate its purchase because the second, originally undisclosed, application affected S's own plans.
590 ## - LOCAL NOTE (RLIN)
Local note KA
650 24 - SUBJECT ADDED ENTRY--TOPICAL TERM
Topical term or geographic name entry element CLEAVER AND ORS V SCHYDE INVESTMENTS LTD
650 24 - SUBJECT ADDED ENTRY--TOPICAL TERM
Topical term or geographic name entry element UNFAIR CONTRACT TERMS ACT 1977 S11(1)
651 #4 - SUBJECT ADDED ENTRY--GEOGRAPHIC NAME
Geographic name England and Wales
Chronological subdivision 1543-
690 ## - LOCAL SUBJECT ADDED ENTRY--TOPICAL TERM (OCLC, RLIN)
Topical term or geographic name as entry element PROPERTY-RESIDENTIAL PROPERTY-RESIDENTIAL PROPERTY DEVELOPMENT
856 40 - ELECTRONIC LOCATION AND ACCESS
Uniform Resource Identifier <a href="https://www.bailii.org/ew/cases/EWCA/Civ/2011/929.html">https://www.bailii.org/ew/cases/EWCA/Civ/2011/929.html</a>
Public note View the law report free of charge at www.bailii.org
942 ## - ADDED ENTRY ELEMENTS (KOHA)
Suppress in OPAC 0
Holdings
Withdrawn status Lost status Source of classification or shelving scheme Damaged status Not for loan Home library Current library Shelving location Date acquired Total Checkouts Full call number Barcode Date last seen Copy number Price effective from Koha item type
    Dewey Decimal Classification     Virtual Virtual Online 30/12/2011   ONLINE PUBLICATION 154584-2001 06/08/2019 1 06/08/2019 Law report